| 000 | 00000nam##2200000za#4500 |
| 001 | 9.534752 |
| 003 | CaOODSP |
| 005 | 20250319164510 |
| 007 | ta |
| 008 | 150406|1999||||xxc||||| f|0| 0 eng|d |
| 040 | |aCaOODSP|beng |
| 041 | |aeng |
| 041 | |afre |
| 043 | |an-cn--- |
| 086 | 1 |aNH14-1/0391 |
| 110 | 2 |aCanada Mortgage and Housing Corporation. |
| 245 | 10|aImproving quality of life in boarding houses for the elderly / |cRegroupement des résidences pour retraités du Québec, Montreal, Québec. Prepared by Julie Tasker-Brown. |
| 260 | |aOttawa - Ontario : |bCanada Mortgage and Housing Corporation |c1999. |
| 300 | |aEnglish text, i, 12p. : |billus. ; |c28 cm. |
| 490 | 1 |aAffordability and Choice Today (ACT) regulatory reform project|v0391 |
| 546 | |aBilingual |
| 563 | |aSoftcover |
| 590 | |a01-05|b2001-02-02 |
| 690 | 07|aQuality of life|2gcpds |
| 690 | 07|aSubsidized housing|2gcpds |
| 690 | 07|aRegulations|2gcpds |
| 690 | 07|aSeniors|2gcpds |
| 720 | 1 |aTasker-Brown, Julie |
| 776 | 0#|tImproving quality of life in boarding houses for the elderly / |w(CaOODSP)9.573399 |
| 792 | |tAmélioration de la qualité de vie dans les résidences pour personnes âgées / |efre|w(CaOODSP)9.534753 |
| 830 | #0|aAffordability and Choice Today (ACT) regulatory reform project ;|v0391|w(CaOODSP)9.509540 |
| 986 | |aPB 0391 |